[Event "Memorial Kurnosov 2018 Rapid"]
[Site "?"]
[Date "2018.09.07"]
[Round "1.1"]
[White "Artemiev, Vladislav"]
[Black "Menshikov, Alexander"]
[Result "1-0"]
[WhiteElo "2733"]
[BlackElo "2043"]
[PlyCount "78"]
[EventDate "2018.??.??"]
[EventType "rapid"]

1. d4 Nf6 2. c4 g6 3. Nf3 Bg7 4. g3 O-O 5. Bg2 d5 6. cxd5 Nxd5 7. O-O Nc6 8. e4
Nb6 9. d5 Na5 10. Nc3 c6 11. Re1 e6 12. d6 e5 13. b3 Bg4 14. Ba3 Nd7 15. Qd3 c5
16. Nd5 Nc6 17. h3 Bxf3 18. Bxf3 Nd4 19. Bg2 a5 20. Nc7 Rc8 21. Qc4 b6 22. Nd5
Kh8 23. Ne7 Ra8 24. Bb2 Nf6 25. Bxd4 cxd4 26. Qc6 Ng8 27. Nd5 Rb8 28. Rac1 Nf6
29. h4 Nd7 30. Bh3 Nc5 31. Rxc5 bxc5 32. Qxc5 f5 33. exf5 gxf5 34. Ne7 f4 35.
Rxe5 fxg3 36. fxg3 Rb5 37. Qxb5 Qxd6 38. Nc6 d3 39. Rf5 Qxg3+ {Re5} 1-0

[Event "Memorial Kurnosov 2018 Rapid"]
[Site "?"]
[Date "2018.09.07"]
[Round "1.2"]
[White "Ginosyan, Razmik"]
[Black "Andreikin, Dmitry"]
[Result "0-1"]
[WhiteElo "2031"]
[BlackElo "2731"]
[PlyCount "44"]
[EventDate "2018.??.??"]
[EventType "rapid"]

1. d4 Nf6 2. c4 e6 3. Nf3 b6 4. g3 Bb7 5. Bg2 g6 6. O-O Bg7 7. Nc3 Ne4 8. Qd3
Nxc3 9. Qxc3 O-O 10. b4 Be4 11. Bb2 Qc8 12. Nd2 Bxg2 13. Kxg2 c5 14. bxc5 bxc5
15. e3 Nc6 16. Nb3 cxd4 17. exd4 a5 18. Rfd1 a4 19. Nc1 Nxd4 20. Rxd4 a3 21.
Bxa3 Qb7+ 22. f3 Rxa3 0-1

[Event "Memorial Kurnosov 2018 Rapid"]
[Site "?"]
[Date "2018.09.07"]
[Round "1.3"]
[White "Riazantsev, Alexander"]
[Black "Kharitonov, Egor"]
[Result "1-0"]
[WhiteElo "2687"]
[BlackElo "2021"]
[PlyCount "57"]
[EventDate "2018.??.??"]
[EventType "rapid"]

1. d4 d5 2. c4 c6 3. Nc3 e6 4. e3 Nf6 5. Bd3 Nbd7 6. b3 Bd6 7. f4 b6 8. Nf3 Bb7
9. O-O O-O 10. Bb2 Re8 11. Ne5 Nf8 12. Qe2 c5 13. cxd5 exd5 14. Rad1 Qe7 15. g4
Ne4 16. Nxe4 dxe4 17. Bc4 Ne6 18. Nxf7 Qxf7 19. dxc5 Bxc5 20. f5 Kh8 21. fxe6
Qg6 22. Rf7 Bc8 23. Rxg7 Qxg7 24. Bxg7+ Kxg7 25. Qb2+ Kg6 26. Qe5 Bxe3+ 27. Kg2
Bb7 28. Qf5+ Kg7 29. Rd7+ 1-0

[Event "Memorial Kurnosov 2018 Rapid"]
[Site "?"]
[Date "2018.09.07"]
[Round "1.4"]
[White "Mukhina, Jana"]
[Black "Chigaev, Maksim"]
[Result "0-1"]
[WhiteElo "2015"]
[BlackElo "2678"]
[PlyCount "88"]
[EventDate "2018.??.??"]
[EventType "rapid"]

1. e4 c5 2. Nf3 e6 3. b3 Nc6 4. Bb2 d6 5. g3 Nf6 6. d3 Be7 7. Bg2 O-O 8. O-O e5
9. Re1 Re8 10. Na3 Bf8 11. Nc4 h6 12. h3 Be6 13. Kh2 g6 14. c3 Bg7 15. Ne3 d5
16. Qc2 d4 17. Nc4 Qb8 18. cxd4 cxd4 19. Ba3 Bf8 20. Bxf8 Rxf8 21. Qc1 Kg7 22.
Qa3 Bxc4 23. bxc4 Qc7 24. Rab1 Rab8 25. Re2 b6 26. Reb2 Nd7 27. Qa4 Nc5 28. Qc2
Qc8 29. Re1 Qa6 30. Rb5 Qa3 31. Bf1 Nb4 32. Qb1 Nbxd3 33. Bxd3 Qxd3 34. Nxe5
Qxb1 35. Rbxb1 Rbc8 36. Rbd1 Rfd8 37. f4 d3 38. Re3 Rd4 39. Rd2 Rcd8 40. Kg1
R8d6 41. h4 f6 42. Nf3 Rxe4 43. Kf2 Rxc4 44. Re7+ Kf8 0-1

[Event "Memorial Kurnosov 2018 Rapid"]
[Site "?"]
[Date "2018.09.07"]
[Round "1.6"]
[White "Safin, Timur"]
[Black "Kokarev, Dmitry"]
[Result "0-1"]
[WhiteElo "1987"]
[BlackElo "2663"]
[PlyCount "68"]
[EventDate "2018.??.??"]
[EventType "rapid"]

1. e4 c5 2. c3 Nf6 3. e5 Nd5 4. d4 cxd4 5. Nf3 d6 6. Qxd4 e6 7. Bg5 dxe5 8.
Bb5+ Bd7 9. Qxe5 Qb6 10. Bxd7+ Nxd7 11. Qe2 h6 12. Bc1 g5 13. Nbd2 Nf4 14. Nc4
Nxg2+ 15. Kf1 Qc6 16. Nce5 Nxe5 17. Nxe5 Ne3+ 18. Qxe3 Qxh1+ 19. Ke2 Bg7 20.
Qf3 Qxf3+ 21. Nxf3 g4 22. Nd4 Be5 23. f4 Bxd4 24. cxd4 Rc8 25. Kd3 Kd7 26. Bd2
h5 27. Bc3 Rhg8 28. Ke4 h4 29. Ke5 g3 30. hxg3 hxg3 31. Rg1 g2 32. Kf6 Rg4 33.
f5 Rh8 34. d5 exd5 0-1

[Event "Memorial Kurnosov 2018 Rapid"]
[Site "?"]
[Date "2018.09.07"]
[Round "1.7"]
[White "Pridorozhni, Aleksei"]
[Black "Vysotsky, Ivan"]
[Result "1-0"]
[WhiteElo "2659"]
[BlackElo "1976"]
[PlyCount "69"]
[EventDate "2018.??.??"]
[EventType "rapid"]

1. e4 c5 2. Nc3 a6 3. Nf3 d6 4. d4 cxd4 5. Nxd4 Nf6 6. Rg1 h5 7. h3 g6 8. g4
hxg4 9. hxg4 Bg7 10. g5 Nfd7 11. Be3 b5 12. Qd2 Bb7 13. f3 Nb6 14. O-O-O N8d7
15. Bd3 Qc7 16. Kb1 Ne5 17. b3 b4 18. Nce2 Nxd3 19. cxd3 a5 20. Rh1 Rxh1 21.
Rxh1 Ba6 22. Nc2 Nd7 23. Bd4 Bxd4 24. Ncxd4 Nb6 25. f4 Qb7 26. f5 O-O-O 27.
Rc1+ Kd7 28. fxg6 fxg6 29. Nc6 Rc8 30. Nxa5 Rxc1+ 31. Nxc1 Qc7 32. Qxb4 Ke8 33.
Nc4 Nxc4 34. bxc4 Kf7 35. a4 1-0

[Event "Memorial Kurnosov 2018 Rapid"]
[Site "?"]
[Date "2018.09.07"]
[Round "1.8"]
[White "Pauli, Stanislav"]
[Black "Lysyj, Igor"]
[Result "0-1"]
[WhiteElo "1973"]
[BlackElo "2644"]
[PlyCount "122"]
[EventDate "2018.??.??"]
[EventType "rapid"]

1. d4 e6 2. c4 b6 3. Nc3 Bb7 4. e4 Bb4 5. Qc2 Qh4 6. Bd3 Bxc3+ 7. bxc3 f5 8. d5
fxe4 9. Bxe4 Nf6 10. Bf3 Qxc4 11. dxe6 Qxe6+ 12. Be3 Bxf3 13. Nxf3 Ng4 14. O-O
Nxe3 15. fxe3 Nc6 16. e4 Qc4 17. Nd2 Qc5+ 18. Kh1 O-O-O 19. Qd3 Ne5 20. Qa6+
Kb8 21. Nb3 Qc4 22. Qxc4 Nxc4 23. Rf7 g6 24. Raf1 Ne5 25. Re7 Rde8 26. Rg7 Rhf8
27. Kg1 Rxf1+ 28. Kxf1 h5 29. h3 Kb7 30. Nd4 d6 31. Nb5 Rf8+ 32. Ke2 Rf7 33.
Rg8 a6 34. Nd4 Rf6 35. Rg7 b5 36. Nf3 Re6 37. Nxe5 Rxe5 38. Kf3 g5 39. g4 h4
40. Ke3 d5 41. Kd4 Rxe4+ 42. Kxd5 Rc4 43. Rxg5 Rxc3 44. Ke4 Rxh3 45. Rh5 Kb6
46. g5 c5 47. Kf4 c4 48. Kg4 Rh1 49. Rh6+ Kc5 50. g6 Rg1+ 51. Kf5 c3 52. Rh8
Kb4 53. Rxh4+ Ka3 54. Rh2 b4 55. Kf6 b3 56. axb3 Kxb3 57. Rh3 Kb2 58. g7 c2 59.
Rh2 a5 60. Kf7 a4 61. Kf8 a3 0-1

[Event "Memorial Kurnosov 2018 Rapid"]
[Site "?"]
[Date "2018.09.07"]
[Round "1.9"]
[White "Yudin, Sergei"]
[Black "Rezvy, Lev"]
[Result "1/2-1/2"]
[WhiteElo "2641"]
[BlackElo "1970"]
[PlyCount "126"]
[EventDate "2018.??.??"]
[EventType "rapid"]

1. e4 e6 2. d4 d5 3. Nd2 c5 4. Ngf3 Nc6 5. exd5 exd5 6. Bb5 Bd6 7. O-O Nge7 8.
dxc5 Bxc5 9. Nb3 Bb6 10. c3 O-O 11. Re1 Bg4 12. Be2 Qd7 13. h3 Bf5 14. Bd3 Rad8
15. Be3 Bxe3 16. Rxe3 Bxd3 17. Qxd3 b6 18. Rd1 Qf5 19. Qe2 Ng6 20. Nbd4 Nxd4
21. Nxd4 Qd7 22. Qg4 Qxg4 23. hxg4 Rfe8 24. Rxe8+ Rxe8 25. Nc6 Ne5 26. Nxa7
Nxg4 27. g3 Nf6 28. Nb5 Re2 29. Rb1 Ne4 30. Nc7 Rd2 31. Re1 Rxb2 32. Nxd5 f5
33. Ne7+ Kf7 34. Nxf5 Nxf2 35. Nd6+ Kg6 36. Re6+ Kh5 37. Re7 Rxa2 38. Rxg7 Nh3+
39. Kf1 Ng5 40. Nb5 Kg4 41. Nd4 Kh5 42. Ne2 Kh6 43. Rb7 Rb2 44. Kf2 Ne4+ 45.
Ke3 Nc5 46. Rc7 Rb3 47. Kf3 Na4 48. Kg4 Rb5 49. Rc6+ Kg7 50. Nd4 Rd5 51. Nf5+
Kf7 52. Kg5 Rc5 53. Rf6+ Ke8 54. c4 Kd7 55. Rh6 Rxc4 56. Rxh7+ Kc6 57. Rh8 b5
58. Rc8+ Kd7 59. Rb8 b4 60. Ne3 Rc3 61. Rxb4 Rxe3 62. Rxa4 Rxg3+ 63. Rg4 Rxg4+
1/2-1/2

[Event "Memorial Kurnosov 2018 Rapid"]
[Site "?"]
[Date "2018.09.07"]
[Round "1.10"]
[White "Shnayder, Violetta"]
[Black "Bocharov, Ivan"]
[Result "0-1"]
[WhiteElo "1969"]
[BlackElo "2625"]
[PlyCount "110"]
[EventDate "2018.??.??"]
[EventType "rapid"]

1. Nf3 Nf6 2. c4 c6 3. d4 d5 4. e3 Bf5 5. Bd3 Bg6 6. O-O e6 7. b3 Nbd7 8. Bb2
Bd6 9. Ne5 Qc7 10. f4 Bxd3 11. Qxd3 Ne4 12. Nd2 Nxd2 13. Qxd2 Nf6 14. f5 O-O
15. fxe6 fxe6 16. Qd3 Ne4 17. Rxf8+ Rxf8 18. Rf1 Rxf1+ 19. Qxf1 Bxe5 20. dxe5
Qa5 21. cxd5 Qxd5 22. h3 h6 23. Kh2 c5 24. Qb5 Kh7 25. Qe2 Qd2 26. Qxd2 Nxd2
27. Kg3 c4 28. bxc4 Nxc4 29. Bd4 a6 30. Kf4 Kg6 31. Ke4 Na5 32. Bb6 Nc6 33. Bc7
b5 34. a3 Kh5 35. g3 g5 36. Kd3 g4 37. h4 Kg6 38. Ke4 h5 39. Bd6 Na5 40. Kd4
Nc4 41. Bb4 a5 42. Bd6 Nd2 43. Kc5 b4 44. axb4 axb4 45. Kxb4 Ne4 46. Bc5 Nxg3
47. e4 Nxe4 48. Bd4 Nd2 49. Kc3 Nf3 50. Bf2 Kf5 51. Bg3 Ke4 52. Kc2 Nxe5 53.
Kd2 Ng6 54. Ke2 Nf4+ 55. Kf2 e5 0-1

[Event "Memorial Kurnosov 2018 Rapid"]
[Site "?"]
[Date "2018.09.07"]
[Round "2.1"]
[White "Vyatkin, Dmitry"]
[Black "Artemiev, Vladislav"]
[Result "0-1"]
[WhiteElo "2362"]
[BlackElo "2733"]
[PlyCount "196"]
[EventDate "2018.??.??"]
[EventType "rapid"]

1. c4 e5 2. Nc3 Bb4 3. g3 Nf6 4. Bg2 O-O 5. Nf3 e4 6. Nd4 Nc6 7. Nc2 Bxc3 8.
dxc3 h6 9. O-O d6 10. Ne3 Re8 11. Qc2 Ne5 12. b3 Neg4 13. h3 Nxe3 14. Bxe3 Bf5
15. Rad1 Qe7 16. Qd2 a5 17. g4 Bg6 18. g5 hxg5 19. Bxg5 a4 20. b4 Qe6 21. Qd4
Nd7 22. Qd5 Bh5 23. Qxe6 Rxe6 24. Rfe1 b6 25. Rd4 Rae8 26. Bf4 Bg6 27. Kf1 Bf5
28. Rd5 g6 29. Red1 Kg7 30. Ke1 Rh8 31. Be3 Bxh3 32. Bxh3 Rxh3 33. c5 bxc5 34.
bxc5 Nxc5 35. Bd4+ Kg8 36. Bxc5 dxc5 37. Kd2 e3+ 38. fxe3 Rhxe3 39. Re1 R3e5
40. Rxe5 Rxe5 41. Rg1 c4 42. Rb1 Ra5 43. a3 c5 44. Ke3 Kg7 45. Rb6 Kh6 46. Rf6
Kg7 47. Rb6 f6 48. Ke4 Ra7 49. Rc6 Rb7 50. Rxc5 Rb3 51. Rxc4 Rxa3 52. Rc7+ Kh6
53. Kf4 Ra2 54. Kf3 Rc2 55. c4 Kg5 56. c5 f5 57. Ra7 Rc3+ 58. Kf2 Rc4 59. c6
Rxc6 60. Rxa4 Rc3 61. Rb4 f4 62. Rb2 Kf5 63. Ra2 g5 64. Rb2 Kg4 65. Ra2 Rh3 66.
Kg2 Re3 67. Kf2 Kf5 68. Rb2 g4 69. Rb8 Re6 70. Rb5+ Re5 71. Rb8 Rd5 72. Re8 Ra5
73. Rb8 Rc5 74. Re8 Re5 75. Ra8 Kg5 76. Rf8 Re6 77. Rf7 Rh6 78. Kg2 Re6 79. Kf2
g3+ 80. Kf1 Rh6 81. Rg7+ Kf6 82. Rg8 Kf5 83. Rf8+ Kg4 84. Rg8+ Kh3 85. Kg1 Rh5
86. Rg7 Re5 87. Rh7+ Kg4 88. Rg7+ Kf5 89. Kf1 Ke4 90. Ra7 Rc5 91. Ra4+ Ke3 92.
Ra3+ Kd4 93. Rd3+ Ke4 94. Ra3 Rc1+ 95. Kg2 Re1 96. Ra4+ Kf5 97. Ra5+ Kg4 98.
Re5 Rxe2+ 0-1

[Event "Memorial Kurnosov 2018 Rapid"]
[Site "?"]
[Date "2018.09.07"]
[Round "2.2"]
[White "Andreikin, Dmitry"]
[Black "Frolov, Ivan"]
[Result "1-0"]
[WhiteElo "2731"]
[BlackElo "2390"]
[PlyCount "63"]
[EventDate "2018.??.??"]
[EventType "rapid"]

1. Nf3 Nf6 2. b3 c5 3. Bb2 d6 4. c4 e5 5. Nc3 Bg4 6. e3 Be7 7. h3 Bd7 8. d4
cxd4 9. exd4 e4 10. Nd2 d5 11. g4 O-O 12. g5 Ne8 13. Nxd5 Bxg5 14. Nxe4 Bc6 15.
Bg2 Bxd5 16. cxd5 Nd6 17. Nxg5 Qxg5 18. O-O Rd8 19. Qc1 Qg6 20. Qb1 Qf6 21. Qd3
Nd7 22. Rae1 Nf8 23. f4 Ng6 24. Bc1 Nh4 25. Bh1 Ndf5 26. Re5 Rac8 27. Kh2 Qa6
28. Qxa6 bxa6 29. Be4 Nxd4 30. Be3 f6 31. Rh5 Nhf5 32. Rxf5 1-0

[Event "Memorial Kurnosov 2018 Rapid"]
[Site "?"]
[Date "2018.09.07"]
[Round "2.3"]
[White "Kostenko, Petr"]
[Black "Riazantsev, Alexander"]
[Result "0-1"]
[WhiteElo "2359"]
[BlackElo "2687"]
[PlyCount "134"]
[EventDate "2018.??.??"]
[EventType "rapid"]

1. e4 c6 2. d4 d5 3. exd5 cxd5 4. Bd3 Nc6 5. c3 Nf6 6. Bf4 Bg4 7. Qb3 Na5 8.
Qa4+ Bd7 9. Qc2 Nh5 10. Bg3 Nxg3 11. hxg3 h6 12. Nf3 Nc6 13. Nbd2 Qc7 14. Kf1
e6 15. Re1 Bd6 16. Kg1 O-O-O 17. b4 Kb8 18. Nb3 e5 19. dxe5 Nxe5 20. Nxe5 Bxe5
21. Nc5 Bc8 22. Rh5 Rhe8 23. c4 b6 24. cxd5 Bd4 25. Rxe8 Rxe8 26. Na6+ Bxa6 27.
Qxc7+ Kxc7 28. Bxa6 Re1+ 29. Kh2 Bxf2 30. Rf5 Bg1+ 31. Kh3 Re7 32. Bb5 Kd6 33.
Bc6 Bd4 34. Rf4 Be3 35. Rc4 f5 36. g4 f4 37. Ba8 Ke5 38. Rc6 Kxd5 39. Rc7+ Kd6
40. Rxe7 Kxe7 41. g3 Kd6 42. a4 Bd2 43. b5 Kc5 44. Bf3 Kb4 45. Bd1 f3 46. Kh2
f2 47. Kg2 Be3 48. Kf1 Bc5 49. Ke2 Kc3 50. Kf1 Kd2 51. Bf3 Ke3 52. Bd1 Bd6 53.
Kg2 Be5 54. Bb3 Bd6 55. Bc4 Bc5 56. Bf1 Kd2 57. Kf3 Ke1 58. Kg2 Bd6 59. Bc4
Bxg3 60. Kxg3 f1=Q 61. Bxf1 Kxf1 62. Kf4 g6 63. Ke5 h5 64. g5 Ke2 65. Kf6 h4
66. Kxg6 h3 67. Kf6 h2 0-1

[Event "Memorial Kurnosov 2018 Rapid"]
[Site "?"]
[Date "2018.09.07"]
[Round "2.4"]
[White "Chigaev, Maksim"]
[Black "Kotlyar, Kirill"]
[Result "1-0"]
[WhiteElo "2678"]
[BlackElo "2360"]
[PlyCount "97"]
[EventDate "2018.??.??"]
[EventType "rapid"]

1. e4 e5 2. Bc4 Nc6 3. d3 Nf6 4. Nf3 Bc5 5. O-O O-O 6. a4 a5 7. h3 d6 8. c3 Be6
9. b3 h6 10. Nbd2 Qd7 11. Re1 Rfe8 12. Nf1 d5 13. Bb5 dxe4 14. Nxe5 Qd5 15.
Bxc6 bxc6 16. d4 Bb6 17. Rb1 c5 18. c4 Qxd4 19. Bb2 Qxd1 20. Rexd1 Red8 21. Ne3
Ne8 22. Nc6 Rd6 23. Ne7+ Kf8 24. N7d5 f6 25. g4 Kf7 26. Bc3 Rdd8 27. Kg2 Nd6
28. Rd2 Rd7 29. Rbd1 Rad8 30. Nf4 g5 31. Nxe6 Kxe6 32. Nf5 h5 33. Rd5 hxg4 34.
hxg4 Ne8 35. Rxd7 Rxd7 36. Rxd7 Kxd7 37. Ng3 Ke6 38. Nxe4 Kf7 39. Kf3 Ke6 40.
Ke2 Ke7 41. Kd3 Ke6 42. f3 Ke7 43. Ng3 Nd6 44. Nh5 Ne8 45. Ng3 Nd6 46. Ne4 Ne8
47. Bb2 Ke6 48. Ba3 Nd6 49. Nxc5+ 1-0

[Event "Memorial Kurnosov 2018 Rapid"]
[Site "?"]
[Date "2018.09.07"]
[Round "2.5"]
[White "Popov, Mikhail"]
[Black "Oparin, Grigoriy"]
[Result "0-1"]
[WhiteElo "2343"]
[BlackElo "2665"]
[PlyCount "70"]
[EventDate "2018.??.??"]
[EventType "rapid"]

1. c4 Nf6 2. g3 e6 3. Bg2 d5 4. Nf3 dxc4 5. Qa4+ Bd7 6. Qxc4 c5 7. Ne5 Qc8 8.
O-O Nc6 9. Nxd7 Qxd7 10. Qc2 Be7 11. d3 O-O 12. Nd2 Rac8 13. Nf3 Rfd8 14. Bf4
Nd5 15. Ne5 Nd4 16. Qd2 Qb5 17. Nc4 Nxf4 18. gxf4 Bf6 19. Rac1 Qa6 20. b3 b5
21. Ne3 Qd6 22. Ng4 Qxf4 23. Nxf6+ Qxf6 24. Rfe1 h5 25. Qa5 h4 26. h3 Rd7 27.
Qa6 Rcc7 28. b4 cxb4 29. Rxc7 Rxc7 30. Qd6 Rc2 31. Kf1 a5 32. Qa6 a4 33. Qa8+
Kh7 34. Qe4+ g6 35. Qb7 Kg7 0-1

[Event "Memorial Kurnosov 2018 Rapid"]
[Site "?"]
[Date "2018.09.07"]
[Round "2.6"]
[White "Kokarev, Dmitry"]
[Black "Shcherbin, Matvei"]
[Result "1-0"]
[WhiteElo "2663"]
[BlackElo "2348"]
[PlyCount "147"]
[EventDate "2018.??.??"]
[EventType "rapid"]

1. e4 c5 2. Nf3 e6 3. d4 cxd4 4. Nxd4 Bc5 5. Nb3 Bb6 6. Nc3 Ne7 7. g3 O-O 8.
Bg2 Nbc6 9. O-O f5 10. exf5 Nxf5 11. Na4 Bc7 12. c4 d6 13. Nc3 a6 14. Bf4 e5
15. Bd2 Nfd4 16. Nxd4 Nxd4 17. Nd5 Bb8 18. Be3 Ba7 19. Rc1 Be6 20. Kh1 Qd7 21.
f4 Bh3 22. Qd2 Bxg2+ 23. Qxg2 Kh8 24. Qe4 Qh3 25. Bxd4 Bxd4 26. b3 b5 27. Qg2
Qxg2+ 28. Kxg2 exf4 29. Rxf4 Rxf4 30. gxf4 Rc8 31. Rd1 Bf6 32. Ne3 Rc6 33. Kf3
Kg8 34. Ke4 Kf7 35. Kd5 Rc5+ 36. Kxd6 Be7+ 37. Kd7 Rh5 38. Rd2 bxc4 39. bxc4
Bb4 40. Rb2 Ba3 41. Rb7 Rxh2 42. Nd5 Rxa2 43. c5 Bxc5 44. Kc6+ Ke6 45. Nc7+ Kf5
46. Kxc5 Kxf4 47. Nd5+ Kf5 48. Rxg7 h5 49. Rh7 Kg5 50. Kd4 a5 51. Nc3 Rd2+ 52.
Ke5 Rd3 53. Ne4+ Kg6 54. Ra7 Ra3 55. Ra6+ Kg7 56. Kf5 h4 57. Ra7+ Kf8 58. Rh7
h3 59. Ng5 Kg8 60. Rh4 Rb3 61. Nxh3 Rb5+ 62. Ke6 Rb4 63. Nf4 a4 64. Rg4+ Kh7
65. Kf7 Rb7+ 66. Kf6 Rb4 67. Rg7+ Kh6 68. Rg6+ Kh7 69. Ne6 Rb6 70. Rg7+ Kh6 71.
Ra7 Rb4 72. Ra5 Rg4 73. Ra8 Rg6+ 74. Kf5 1-0

[Event "Memorial Kurnosov 2018 Rapid"]
[Site "?"]
[Date "2018.09.07"]
[Round "2.7"]
[White "Ogloblin, Nikolay"]
[Black "Pridorozhni, Aleksei"]
[Result "0-1"]
[WhiteElo "2334"]
[BlackElo "2659"]
[PlyCount "100"]
[EventDate "2018.??.??"]
[EventType "rapid"]

1. d4 e6 2. Nf3 b6 3. c4 Bb7 4. a3 Nf6 5. Nc3 Ne4 6. Nxe4 Bxe4 7. e3 Qf6 8. Bd3
Bxd3 9. Qxd3 Qg6 10. Qxg6 hxg6 11. b3 d6 12. Bb2 Nd7 13. h3 Be7 14. O-O-O Nf6
15. Ne1 a5 16. a4 c6 17. Nd3 b5 18. Kc2 Kd7 19. Bc3 g5 20. Ra1 b4 21. Bb2 Ne4
22. f3 Ng3 23. Rhe1 f5 24. Nf2 d5 25. Rad1 Rh4 26. cxd5 cxd5 27. Kd3 Bd6 28.
Rc1 Nh5 29. Re2 Nf6 30. e4 Nh5 31. Rec2 Bf4 32. Rg1 Bg3 33. Bc1 dxe4+ 34. fxe4
Bxf2 35. Rxf2 Rc8 36. Bd2 Rxe4 37. Rc1 Rxc1 38. Bxc1 Nf4+ 39. Bxf4 gxf4 40. Rc2
Re3+ 41. Kc4 Kc6 42. d5+ exd5+ 43. Kd4+ Kd6 44. Rc8 Re2 45. Rd8+ Ke7 46. Ra8
Rxg2 47. Rxa5 Rd2+ 48. Ke5 f3 49. Ra7+ Kf8 50. Rc7 f2 0-1

[Event "Memorial Kurnosov 2018 Rapid"]
[Site "?"]
[Date "2018.09.07"]
[Round "2.8"]
[White "Lysyj, Igor"]
[Black "Rogoznikov, Andrey"]
[Result "1-0"]
[WhiteElo "2644"]
[BlackElo "2339"]
[PlyCount "69"]
[EventDate "2018.??.??"]
[EventType "rapid"]

1. d4 Nf6 2. c4 c5 3. d5 b5 4. cxb5 a6 5. e3 axb5 6. Bxb5 Qa5+ 7. Nc3 Bb7 8.
Bd2 Qb6 9. Nf3 Nxd5 10. a4 Nc7 11. O-O Nxb5 12. axb5 Rxa1 13. Qxa1 e6 14. e4
Be7 15. Be3 O-O 16. b4 d6 17. bxc5 dxc5 18. Qc1 Nd7 19. Rd1 Nf6 20. Ne5 Qc7 21.
f4 Rd8 22. Rxd8+ Bxd8 23. Qc2 g5 24. Qd3 Be7 25. b6 Qxb6 26. fxg5 Ba6 27. Qd2
Qd6 28. gxf6 Qxd2 29. Bxd2 Bxf6 30. Bf4 Bg7 31. Kf2 f6 32. Nd7 c4 33. e5 f5 34.
Nc5 Bc8 35. Ke3 1-0

[Event "Memorial Kurnosov 2018 Rapid"]
[Site "?"]
[Date "2018.09.07"]
[Round "2.9"]
[White "Bocharov, Ivan"]
[Black "Inozemtsev, Sergei"]
[Result "1-0"]
[WhiteElo "2625"]
[BlackElo "2332"]
[PlyCount "77"]
[EventDate "2018.??.??"]
[EventType "rapid"]

1. e4 e6 2. d4 d5 3. Nd2 Nf6 4. e5 Nfd7 5. Bd3 c5 6. c3 Nc6 7. Ne2 cxd4 8. cxd4
f6 9. exf6 Qxf6 10. Nf3 h6 11. Qc2 Bd6 12. Bg6+ Ke7 13. O-O Rd8 14. Re1 Nf8 15.
Bh5 Nb4 16. Qb3 Qf5 17. Ng3 Qd3 18. Qxd3 Nxd3 19. Re3 Nf4 20. Nf5+ Kf6 21. Nxd6
Nxh5 22. Nb5 Bd7 23. Nc3 Ng6 24. Ne5 Be8 25. g4 Nxe5 26. Rxe5 g5 27. gxh5 Bxh5
28. f4 Rg8 29. fxg5+ hxg5 30. Bd2 Bf3 31. Rae1 Rae8 32. Kf2 g4 33. h4 Kf7 34.
Kg3 Rh8 35. Nb5 Re7 36. Bg5 Rd7 37. Rxe6 Be4 38. Rf6+ Kg7 39. Nd6 1-0

[Event "Memorial Kurnosov 2018 Rapid"]
[Site "?"]
[Date "2018.09.07"]
[Round "2.10"]
[White "Kanter, Eduard"]
[Black "Maletin, Pavel"]
[Result "1/2-1/2"]
[WhiteElo "2329"]
[BlackElo "2621"]
[PlyCount "77"]
[EventDate "2018.??.??"]
[EventType "rapid"]

1. d4 d5 2. c4 c6 3. Nf3 Nf6 4. Nc3 e6 5. g3 Nbd7 6. Bg2 dxc4 7. O-O Be7 8. e4
O-O 9. Bf4 Re8 10. a4 b6 11. d5 exd5 12. exd5 Bb7 13. a5 bxa5 14. d6 Bf8 15.
Nd2 Nb6 16. Nde4 Nxe4 17. Nxe4 Nd5 18. Nc5 Qb6 19. Nxb7 Qxb7 20. Bxd5 cxd5 21.
Rxa5 Rad8 22. Qxd5 Qxd5 23. Rxd5 Rd7 24. Rc1 Rc8 25. b3 c3 26. Rd3 f6 27. h4
Kf7 28. Rcxc3 Rxc3 29. Rxc3 Bxd6 30. Bxd6 Rxd6 31. Rc7+ Kg6 32. Rxa7 Rb6 33.
Ra3 Kf5 34. Kg2 g5 35. hxg5 fxg5 36. Kf3 h5 37. Ra5+ Kg6 38. Ra3 Kf5 39. Ra5+ {
Ke5 Ke4+} 1/2-1/2

[Event "Memorial Kurnosov 2018 Rapid"]
[Site "?"]
[Date "2018.09.07"]
[Round "3.1"]
[White "Artemiev, Vladislav"]
[Black "Sivuk, Vitaly"]
[Result "1-0"]
[WhiteElo "2733"]
[BlackElo "2526"]
[PlyCount "123"]
[EventDate "2018.??.??"]
[EventType "rapid"]

1. c4 Nf6 2. g3 g6 3. Bg2 Bg7 4. Nc3 O-O 5. Nf3 d6 6. O-O e5 7. d3 Re8 8. Nd2
c6 9. Nde4 Nxe4 10. dxe4 Be6 11. b3 Na6 12. Be3 Qe7 13. Qd2 Red8 14. Rad1 Nc7
15. Qc1 b5 16. cxb5 cxb5 17. Qd2 b4 18. Na4 a5 19. Rc1 Nb5 20. Qd3 Qe8 21. h4
Rac8 22. Bb6 Rxc1 23. Rxc1 Ra8 24. e3 h5 25. Bf1 Bd7 26. Qd5 Bf8 27. Bc7 Nxc7
28. Rxc7 Be6 29. Qb7 Rb8 30. Qa7 Ra8 31. Qb6 Qd8 32. Bc4 Bxc4 33. Rxc4 d5 34.
Qxd8 Rxd8 35. exd5 Rxd5 36. Rc2 e4 37. Kf1 Rd1+ 38. Kg2 Rd5 39. Nb6 Rb5 40. Rc6
Bg7 41. Rc8+ Kh7 42. Nc4 Rd5 43. Ra8 Bc3 44. Rxa5 Rd1 45. Ra6 Kg7 46. Ra7 Kf8
47. a4 bxa3 48. Rxa3 f5 49. Ra6 Kg7 50. Ra7+ Kf6 51. Nb6 Bb4 52. Rb7 Ke6 53.
Rc7 Rd2 54. Rc4 Be7 55. b4 Rd6 56. Nc8 Rd8 57. Rc6+ Bd6 58. f3 Kd5 59. Rxd6+
Rxd6 60. fxe4+ fxe4 61. Nxd6 Kxd6 62. g4 1-0

[Event "Memorial Kurnosov 2018 Rapid"]
[Site "?"]
[Date "2018.09.07"]
[Round "3.2"]
[White "Ovetchkin, Roman"]
[Black "Andreikin, Dmitry"]
[Result "0-1"]
[WhiteElo "2508"]
[BlackElo "2731"]
[PlyCount "74"]
[EventDate "2018.??.??"]
[EventType "rapid"]

1. d4 Nf6 2. c4 e6 3. Nc3 Bb4 4. a3 Bxc3+ 5. bxc3 d6 6. f3 Nfd7 7. e4 O-O 8.
Bd3 f5 9. exf5 exf5 10. Ne2 Qh4+ 11. g3 Qf6 12. h4 c5 13. Bg5 Qf7 14. h5 h6 15.
Be3 Nc6 16. Nf4 b6 17. Kf2 Ba6 18. Qa4 Na5 19. Nd5 Nf6 20. Nxf6+ Qxf6 21. Rac1
Rae8 22. Rhe1 Qf7 23. Bf4 Bxc4 24. Bxc4 Nxc4 25. Qc6 Qxh5 26. Kg2 Qf7 27. dxc5
dxc5 28. Rcd1 Rxe1 29. Rxe1 Rd8 30. a4 Kh7 31. Re6 Qd7 32. Rxh6+ gxh6 33. Qxh6+
Kg8 34. Qg5+ Kf7 35. Qh5+ Ke6 36. Qg6+ Kd5 37. g4 Nd6 0-1

[Event "Memorial Kurnosov 2018 Rapid"]
[Site "?"]
[Date "2018.09.07"]
[Round "3.3"]
[White "Riazantsev, Alexander"]
[Black "Gunina, Valentina"]
[Result "1-0"]
[WhiteElo "2687"]
[BlackElo "2478"]
[PlyCount "69"]
[EventDate "2018.??.??"]
[EventType "rapid"]

1. Nf3 d5 2. e3 Nf6 3. c4 e6 4. b3 Be7 5. Bb2 O-O 6. Nc3 b6 7. cxd5 Nxd5 8.
Nxd5 Qxd5 9. Qc2 Bb7 10. Qxc7 Bd6 11. Qc3 f6 12. Bc4 Qh5 13. Bxe6+ Kh8 14. Qd3
Be5 15. Nxe5 fxe5 16. Bd5 Rd8 17. Bf3 Qe8 18. Qxd8 Qxd8 19. Bxb7 Nd7 20. Bxa8
Qxa8 21. O-O Qd5 22. Rac1 h6 23. d4 e4 24. Rc7 a5 25. Ba3 Nf6 26. h3 Qb5 27.
Rc4 Nd5 28. Bd6 Kh7 29. Be5 Kg6 30. Rfc1 h5 31. Rc6+ Kf7 32. Rd6 h4 33. Rc8 a4
34. bxa4 Qa5 35. Kh2 1-0

[Event "Memorial Kurnosov 2018 Rapid"]
[Site "?"]
[Date "2018.09.07"]
[Round "3.4"]
[White "Belyakov, Bogdan"]
[Black "Chigaev, Maksim"]
[Result "0-1"]
[WhiteElo "2496"]
[BlackElo "2678"]
[PlyCount "82"]
[EventDate "2018.??.??"]
[EventType "rapid"]

1. e4 g6 2. d4 Bg7 3. Nc3 d6 4. f4 Nf6 5. Nf3 O-O 6. Bd3 Nc6 7. d5 Nb8 8. O-O
c6 9. Kh1 cxd5 10. Nxd5 Nc6 11. Qe1 Nh5 12. f5 e6 13. Nc3 Ne5 14. Nxe5 dxe5 15.
fxg6 hxg6 16. Ne2 Bd7 17. Rf3 Bc6 18. Rh3 Qf6 19. Rf3 Qe7 20. Be3 f5 21. Nc3 g5
22. Rh3 Nf4 23. Bxf4 exf4 24. exf5 g4 25. Rh5 f3 26. Be4 Qf7 27. Rg5 fxg2+ 28.
Kxg2 exf5 29. Bxc6 bxc6 30. Rd1 Qf6 31. Qh4 Rad8 32. Rxd8 Qxd8 33. Qh6 Qd2+ 34.
Kf1 Qc1+ 35. Kf2 Qxc2+ 36. Ne2 Qc5+ 37. Kf1 Qe7 38. Nf4 Rf6 39. Qh4 Rd6 40. Qe1
Qxg5 41. Qe8+ Kh7 0-1